000 00272nam a22001217a 4500
008 180806b xxu||||| |||| 00| 0 eng d
082 _a813.52
245 _aEvolve select
_cRN
260 _c2007,2006,2005
300 _a7
_fCD
440 _x9781416045830
942 _2ddc
_cMX
999 _c46797
_d46797